Grandes femmes françaises - Statistiques

Statistiques générales
  • Ce quiz a été pris 133 fois
  • Le résultat moyen est 8 sur 12
Statistiques - réponses
Par images Réponse % Correct
Simone Veil
96%
Jeanne d'Arc
92%
Marie Curie
91%
Marie-Antoinette d'Autriche
85%
Edith Piaf
83%
Brigitte Bardot
76%
Joséphine Baker
68%
Coco Chanel
61%
Catherine Deneuve
59%
Olympe de Gouges
51%
Lucie Aubrac
15%
Françoise Giroud
13%
Aucun quiz correspondant
Distribution des résultats
% des personnes avec chaque résultat
Percentile par nombre de réponses
Votre historique - résultats
Vous n’avez pas pris ce quiz